Arcane Songs - Statistics

General Stats
  • This quiz has been taken 5 times
  • The average score is 8 of 31
Answer Stats
Music Artist Answer % Correct
Imagine Dragons enemy
100%
D4vd remember me
100%
Stromae and Pomme ma meilleure ennemie
80%
Ashnikko paint the town blue
80%
Woodkid to ashes and blood
60%
Sheryl Lee Ralph blood sweat and tears
40%
Stray Kids come play
40%
Emily Armstrong and Mike Shinoda heavy is the crown
40%
Freya Ridings i cant hear it now
40%
Bea Miller playground
40%
Raja Kumari, Stefflon Don, and Jarina De Marco renegade
40%
PVRIS (frontwoman Lyndsey Gunnulfsen) and Japanese guitarist MIYAVI snakes
40%
Royal & the Serpent wasteland
40%
Grey what have they done to us
40%
Adam Michalak and mastering by Patricia Sullivan a moment of civility
0%
Alexander Temple and Andrew Kierszenbaum an end to suffering
0%
Arcane's musical team/ensemble a second chance
0%
Alexander Temple break the cycle
0%
Alexander Temple catharsis
0%
Alexander Temple featuring acclaimed violinist Ray Chen i promised you
0%
Riot Games judgement
0%
Alex Seaver open your eyes
0%
Alex Seaver (of Mako) and Alexander Temple quite a thorn
0%
Alex Seaver (also known as Mako) and Alexander Temple raised by wolves
0%
Alex Seaver (better known as Mako) and Alexander Temple stagefright
0%
Alexander Temple and features vocalist Kelci Hahn surveying the damage
0%
Riot Games Music Team tell me there's a chance
0%
Alex Seaver (also known as Mako) and Alexander Temple the ascent
0%
Riot Games Music the fall
0%
Andrew Kierszenbaum and Alexander Temple you are the wolf
0%
Alex Seaver youve fought well
0%
No matching quizzes found
Score Distribution
Percent of People with Each Score
Percentile by Number Answered
Your Score History
You have not taken this quiz